000 00634nam a22001937a 4500
005 20241001122305.0
010 _aENG-141852
020 _a9789393757197
_c300.00
035 _aEN-125384
037 _bDBAD
082 _a620.25
100 _aKhadilkar, M.R.
_972243
245 _aVIT In Its First Decade/
_cBy M.R. Khadilkar
250 _a1
260 _bVishwakarma Publications
_c2022
_aMaharashtra
270 _a34A/1, Suyog Center, 7th floor, Gultekedi Marketyard Road, Giridhar Bhavan Chowk,
_e411037
_bPune
_minfo@vpindia.co.in
_k9168682200
300 _a230p.
_c22cm (pb)
942 _2ddc
_cEN
_h620.25
_mKHA
999 _c206037
_d206037